000 00620nam a2200241Ia 4500
003 OSt
005 20221005114041.0
006 a|||||r|||| 00| 0
007 ta
008 221004b |||||||| |||| 00| 0 kan d
024 _a59144
037 _cTextual
040 _aCRL
_cCRL
_bkan
041 _2kan
_akan
082 _aV73,1.N5, 32J6
100 _aRossiter Clinton Au.
_9625377
245 0 _aAmrican presidency
260 _c1959
650 _a MALAYALAM LITERATURE
_938866
650 _aHISTORY
942 _hV73,1.N5, 32J6
_cTEXL
_2cc
999 _c1030101
_d1030101